[Event "Rheinland Pfalz Seniors op"]
[Site "Altenkirchen"]
[Date "2023.09.08"]
[Round "4"]
[White "Siebenhaar, Erich"]
[Black "Krueger, Erich"]
[Result "0-1"]
[WhiteElo "2056"]
[BlackElo "2150"]
[PlyCount "176"]
[EventDate "2023.09.05"]
[EventType "swiss"]
[EventRounds "9"]
[EventCountry "GER"]
[SourceTitle "EXT 2024"]
[Source "ChessBase"]
[SourceDate "2023.10.10"]
[SourceVersion "1"]
[SourceVersionDate "2023.10.10"]
[SourceQuality "1"]

1. d4 Nf6 2. Nc3 d5 3. Bf4 g6 4. e3 Bg7 5. Be2 0-0 6. Nf3 c5 7. h4 Bg4 8. Ne5 Bxe2 9. Qxe2 cxd4 10. exd4 Nc6 11. 0-0-0 h5 12. f3 Rc8 13. g4 e6 14. Bg5 Qa5 15. Nxc6 Rxc6 16. Bxf6 Bxf6 17. gxh5 Rfc8 18. hxg6 Rxc3 19. gxf7+ Kxf7 20. bxc3 Qa3+ 21. Kd2 Qxc3+ 22. Kc1 Be7 23. Rde1 Qa1+ 24. Kd2 Bb4+ 25. Ke3 Bxe1 26. Rxe1 Qc3+ 27. Kf2 Qxd4+ 28. Kf1 Qf6 29. Rb1 b6 30. Qf2 Rc4 31. Rb3 Rxh4 32. Ra3 a5 33. Qg3 Qa1+ 34. Ke2 Rc4 35. Rd3 Rxc2+ 36. Rd2 Rxd2+ 37. Kxd2 Qxa2+ 38. Ke3 Qb3+ 39. Ke2 Qc4+ 40. Ke1 a4 41. Qd6 b5 42. Qd7+ Kf6 43. Qd8+ Ke5 44. Qb8+ Kd4 45. Qf4+ Kc5 46. Qf8+ Kc6 47. Qc8+ Kd6 48. Qf8+ Ke5 49. Qb8+ Kf5 50. Qf8+ Kg5 51. Kf2 Qc2+ 52. Kg3 Qf5 53. f4+ Kg6 54. Qe8+ Qf7 55. Qxb5 Qa7 56. Qe8+ Kf6 57. Kf3 Qh7 58. Qxa4 Qh3+ 59. Kf2 Kf5 60. Qc2+ Kxf4 61. Qc7+ e5 62. Qc1+ Ke4 63. Qb1+ Qd3 64. Qh1+ Kd4 65. Qa1+ Qc3 66. Qa7+ Qc5 67. Qa1+ Ke4+ 68. Kg2 Qc2+ 69. Kh1 d4 70. Qe1+ Kd5 71. Qa5+ Qc5 72. Qa2+ Kd6 73. Qf2 Qd5+ 74. Kg1 e4 75. Qf8+ Kc6 76. Qa8+ Kc5 77. Qa3+ Kc6 78. Qa8+ Kd6 79. Qf8+ Kc7 80. Qe7+ Kc6 81. Qe8+ Kc5 82. Qf8+ Kc4 83. Qc8+ Kd3 84. Qa6+ Kd2 85. Qa3 Qg5+ 86. Kh1 Qh4+ 87. Kg2 Qg4+ 88. Kh2 Qe2+ 0-1

[Event "Rheinland Pfalz Seniors op"]
[Site "Altenkirchen"]
[Date "2023.09.07"]
[Round "3"]
[White "Krueger, Erich"]
[Black "Stuemer, Paul"]
[Result "0-1"]
[WhiteElo "2150"]
[BlackElo "2031"]
[PlyCount "42"]
[EventDate "2023.09.05"]
[EventType "swiss"]
[EventRounds "9"]
[EventCountry "GER"]
[SourceTitle "EXT 2024"]
[Source "ChessBase"]
[SourceDate "2023.10.10"]
[SourceVersion "1"]
[SourceVersionDate "2023.10.10"]
[SourceQuality "1"]

1. d4 Nf6 2. c4 g6 3. Nc3 Bg7 4. e4 0-0 5. Be2 d6 6. Bg5 Na6 7. Qd2 e5 8. d5 Nc5 9. f3 a5 10. h4 c6 11. g4 cxd5 12. cxd5 Bd7 13. h5 b5 14. hxg6 fxg6 15. Bxb5 Bxb5 16. Nxb5 Rb8 17. Nc3 Rxb2 18. Qe3 Nxg4 19. fxg4 Qxg5 20. Rh3 Qxe3+ 21. Rxe3 Bh6 0-1

[Event "GER-ch Seniors 65 34th"]
[Site "Magdeburg"]
[Date "2022.08.16"]
[Round "5"]
[White "Krueger, Erich"]
[Black "Ehlert, Horst"]
[Result "1/2-1/2"]
[WhiteElo "2135"]
[BlackElo "2011"]
[PlyCount "118"]
[EventDate "2022.08.12"]
[EventType "swiss"]
[EventRounds "9"]
[EventCountry "GER"]
[SourceTitle "CBM 209 Extra"]
[Source "ChessBase"]
[SourceDate "2022.09.30"]
[SourceVersion "1"]
[SourceVersionDate "2022.09.30"]
[SourceQuality "1"]

1. d4 d5 2. c4 e6 3. Nc3 Nf6 4. cxd5 exd5 5. Bg5 Be7 6. e3 0-0 7. Bd3 Nbd7 8. Qc2 b6 9. Nf3 Bb7 10. 0-0 c5 11. Ne5 h6 12. Bh4 a6 13. f4 c4 14. Bf5 b5 15. a3 Re8 16. Rf3 Nf8 17. Rg3 Ne4 18. Bxe7 Qxe7 19. Nxe4 dxe4 20. Bxe4 Bxe4 21. Qxe4 f6 22. Qd5+ Qe6 23. Qxe6+ Nxe6 24. Ng4 Kf7 25. Rd1 a5 26. h4 Nc7 27. Nf2 Nd5 28. Re1 Nxf4 29. e4 Ne6 30. Rd1 Rad8 31. d5 Nc5 32. Re3 Re5 33. Rde1 Rde8 34. g4 h5 35. gxh5 Rxh5 36. Kg2 Rxh4 37. e5 fxe5 38. Rxe5 Rxe5 39. Rxe5 Kf6 40. Re8 Nd3 41. d6 Rd4 42. Ne4+ Kf5 43. Ng3+ Kg6 44. Re6+ Kh7 45. Kf3 Nxb2 46. Nf5 Rd3+ 47. Ke4 Na4 48. Re7 Nc5+ 49. Ke5 b4 50. Rxg7+ Kh8 51. Rc7 b3 52. Kf6 b2 53. Kg6 Rg3+ 54. Nxg3 b1Q+ 55. Nf5 Qg1+ 56. Kh6 Qh2+ 57. Kg6 Qg1+ 58. Kh6 Qh2+ 59. Kg6 Qg2+ 1/2-1/2

[Event "Altenkirchen Seniors op 19th"]
[Site "Altenkirchen"]
[Date "2022.07.27"]
[Round "9"]
[White "Krueger, Erich"]
[Black "Lacrosse, Marc"]
[Result "1-0"]
[WhiteElo "2135"]
[BlackElo "2003"]
[PlyCount "72"]
[EventDate "2022.07.19"]
[EventType "swiss"]
[EventRounds "9"]
[EventCountry "GER"]
[SourceTitle "EXT 2023"]
[Source "ChessBase"]
[SourceDate "2022.10.05"]
[SourceVersion "1"]
[SourceVersionDate "2022.10.05"]
[SourceQuality "1"]

1. d4 d5 2. c4 e6 3. Nc3 a6 4. e4 dxe4 5. Nxe4 Bb4+ 6. Nc3 c5 7. a3 Bxc3+ 8. bxc3 Qa5 9. Bd2 Nf6 10. Bd3 Nc6 11. Nf3 0-0 12. 0-0 Rd8 13. Qc2 h6 14. Rfe1 Qc7 15. Rad1 b6 16. Qc1 Ne8 17. Bf4 Qe7 18. d5 Na5 19. Ne5 g5 20. Bg3 f6 21. Nf3 e5 22. h4 Bg4 23. hxg5 hxg5 24. Nxe5 Bxd1 25. Qxd1 Qg7 26. Ng6 Ra7 27. Qg4 Rad7 28. Bf5 Rf7 29. Qh5 Nxc4 30. Be6 Ncd6 31. Bxf7+ Nxf7 32. Ne7+ Kf8 33. Nf5 Qg8 34. Qe2 Ne5 35. Bxe5 fxe5 36. Qxe5 Qh7 1-0

[Event "Altenkirchen Seniors op 19th"]
[Site "Altenkirchen"]
[Date "2022.07.24"]
[Round "6"]
[White "Cleve Prinz, Wolfgang"]
[Black "Krueger, Erich"]
[Result "0-1"]
[WhiteElo "1883"]
[BlackElo "2135"]
[PlyCount "138"]
[EventDate "2022.07.19"]
[EventType "swiss"]
[EventRounds "9"]
[EventCountry "GER"]
[SourceTitle "CBM 209 Extra"]
[Source "ChessBase"]
[SourceDate "2022.09.30"]
[SourceVersion "1"]
[SourceVersionDate "2022.09.30"]
[SourceQuality "1"]

1. Nf3 Nf6 2. g3 g6 3. Bg2 Bg7 4. d4 0-0 5. 0-0 d6 6. a4 Nbd7 7. Nbd2 c5 8. c3 Rb8 9. Re1 cxd4 10. Nxd4 Ne5 11. f4 Neg4 12. Nf1 e5 13. Nc2 Qb6+ 14. e3 h5 15. h3 Nh6 16. a5 Qc5 17. Kh2 Be6 18. Nb4 exf4 19. gxf4 d5 20. Nd3 Qc7 21. Nd2 Nf5 22. Nf3 Ne4 23. Qe2 Rbc8 24. Nd4 Bd7 25. Nxf5 Bxf5 26. Nb4 Qc5 27. Rd1 Nxc3 28. bxc3 Bxc3 29. Rxd5 Qxb4 30. Ba3 Qc4 31. Qxc4 Rxc4 32. Bxf8 Bxa1 33. Rc5 Rb4 34. e4 Be6 35. Bd6 Bd4 36. Rc8+ Bxc8 37. Bxb4 f6 38. Kg3 Kf7 39. Kf3 b6 40. Bf1 Be6 41. Kg3 g5 42. axb6 axb6 43. Bd2 gxf4+ 44. Bxf4 Ke7 45. Kf3 Bd7 46. Bc7 b5 47. Kf4 b4 48. e5 b3 49. Bd6+ Kd8 50. h4 Be6 51. exf6 Bxf6 52. Ba3 Bxh4 53. Be2 Bf7 54. Bb2 Be7 55. Bf1 Kc7 56. Bh3 Kb6 57. Bd7 Ka5 58. Bc3+ Bb4 59. Bb2 Bd2+ 60. Ke4 Kb4 61. Kd3 Be1 62. Bf5 Bc4+ 63. Ke3 Bc3 64. Bc1 b2 65. Bd2 Ba2 66. Bxc3+ Kxc3 67. Kf4 b1Q 68. Bxb1 Bxb1 69. Kg5 Bg6 0-1

[Event "Altenkirchen Seniors op 19th"]
[Site "Altenkirchen"]
[Date "2022.07.21"]
[Round "3"]
[White "Krueger, Erich"]
[Black "Boidman, Yuri"]
[Result "0-1"]
[WhiteElo "2135"]
[BlackElo "2286"]
[PlyCount "92"]
[EventDate "2022.07.19"]
[EventType "swiss"]
[EventRounds "9"]
[EventCountry "GER"]
[SourceTitle "CBM 209 Extra"]
[Source "ChessBase"]
[SourceDate "2022.09.30"]
[SourceVersion "1"]
[SourceVersionDate "2022.09.30"]
[SourceQuality "1"]

1. d4 d5 2. c4 c6 3. Nf3 Nf6 4. Nc3 e6 5. e3 Nbd7 6. Qc2 Bd6 7. Bd3 0-0 8. 0-0 Qe7 9. Rd1 dxc4 10. Bxc4 e5 11. h3 e4 12. Ng5 Nb6 13. Bb3 Bf5 14. f3 Bg6 15. Ngxe4 Nxe4 16. fxe4 Bb4 17. Qf2 Bxc3 18. bxc3 Bxe4 19. a4 Rfe8 20. Ba3 Qc7 21. c4 a5 22. Rac1 Re6 23. Qf4 Qxf4 24. exf4 Rg6 25. Rd2 Rg3 26. Rb2 Nxa4 27. Bxa4 Rxa3 28. Bd1 Rd3 29. Rxb7 Rxd4 30. c5 a4 31. Kf2 Bd5 32. Bf3 a3 33. Rcb1 Bxf3 34. Rb8+ Rd8 35. Rxd8+ Rxd8 36. Kxf3 a2 37. Ra1 Ra8 38. Ke4 Kf8 39. f5 Ke7 40. g4 Kf6 41. g5+ Ke7 42. h4 Ra4+ 43. Kd3 g6 44. fxg6 fxg6 45. Kc3 Ke6 46. Kb3 Ra5 0-1

[Event "Altenkirchen Seniors op 19th"]
[Site "Altenkirchen"]
[Date "2022.07.20"]
[Round "2"]
[White "Walther, Reinhard"]
[Black "Krueger, Erich"]
[Result "0-1"]
[WhiteElo "1922"]
[BlackElo "2135"]
[PlyCount "84"]
[EventDate "2022.07.19"]
[EventType "swiss"]
[EventRounds "9"]
[EventCountry "GER"]
[SourceTitle "CBM 209 Extra"]
[Source "ChessBase"]
[SourceDate "2022.09.30"]
[SourceVersion "1"]
[SourceVersionDate "2022.09.30"]
[SourceQuality "1"]

1. d4 Nf6 2. Bf4 g6 3. Nc3 d5 4. h4 c6 5. e3 Bg7 6. Nf3 Bg4 7. Be2 Nbd7 8. Ne5 Bxe2 9. Qxe2 Qb6 10. 0-0-0 h5 11. f3 Nxe5 12. Bxe5 0-0-0 13. Kb1 Ne8 14. Bxg7 Nxg7 15. Rd3 Rhe8 16. Qd2 Qa5 17. e4 Ne6 18. exd5 cxd5 19. Re1 Rd7 20. Re5 Red8 21. Qe3 Ng7 22. g4 e6 23. Qh6 Rg8 24. Qd2 Rh8 25. g5 Nf5 26. Qf2 Qa6 27. Nd1 Rc7 28. Ne3 Nd6 29. Nd1 Nc4 30. Re2 Kb8 31. Rb3 Rhc8 32. Qe1 Qd6 33. Nc3 Qf4 34. Qf2 Nd6 35. Na4 Nf5 36. Rd2 Nxh4 37. Nc5 Ka8 38. Qe2 Nf5 39. c3 Qxg5 40. Nd3 Qe3 41. Ne5 Qxe2 42. Rxe2 Nxd4 0-1

[Event "Altenkirchen Seniors op 18th"]
[Site "Altenkirchen"]
[Date "2021.07.09"]
[Round "8"]
[White "Bartsch, Marius"]
[Black "Krueger, Erich"]
[Result "0-1"]
[WhiteElo "1635"]
[BlackElo "2106"]
[PlyCount "46"]
[EventDate "2021.07.02"]
[EventType "swiss"]
[EventRounds "9"]
[EventCountry "GER"]
[SourceTitle "CBM 203 Extra"]
[Source "ChessBase"]
[SourceDate "2021.09.30"]
[SourceVersion "1"]
[SourceVersionDate "2021.09.30"]
[SourceQuality "1"]

1. e4 c6 2. d4 d5 3. exd5 cxd5 4. Bd3 Nf6 5. c3 Bg4 6. Qa4+ Nc6 7. Bf4 e6 8. Nd2 Bd6 9. Bg3 0-0 10. Ngf3 Qc7 11. 0-0 a6 12. Rae1 b5 13. Qc2 Rfc8 14. Bxd6 Qxd6 15. Qb1 Qf4 16. Re3 b4 17. Ne5 bxc3 18. bxc3 Rab8 19. Nxc6 Rxb1 20. Ne7+ Kf8 21. Nxc8 Rxf1+ 22. Nxf1 Qc7 23. Bxa6 Qc6 0-1

[Event "GER-ch Seniors 65 32nd"]
[Site "Magdeburg"]
[Date "2020.08.21"]
[Round "8"]
[White "Steingrobe, Udo"]
[Black "Krueger, Erich"]
[Result "1/2-1/2"]
[WhiteElo "2024"]
[BlackElo "2102"]
[PlyCount "82"]
[EventDate "2020.08.14"]
[EventType "swiss"]
[EventRounds "9"]
[EventCountry "GER"]
[SourceTitle "EXT 2021"]
[Source "ChessBase"]
[SourceDate "2020.10.23"]
[SourceVersion "1"]
[SourceVersionDate "2020.10.23"]
[SourceQuality "1"]

1. d4 Nf6 2. c4 g6 3. Nc3 Bg7 4. e4 d6 5. Nf3 0-0 6. Be2 e5 7. 0-0 Na6 8. Be3 Ng4 9. Bg5 Qe8 10. Re1 h6 11. Bh4 exd4 12. Nxd4 Qe5 13. Nf3 Qa5 14. Rc1 Nf6 15. a3 g5 16. Bg3 Nh5 17. Qd2 Nxg3 18. hxg3 Bg4 19. Nd4 Bd7 20. Bd1 Qe5 21. Nf3 Qf6 22. b4 c6 23. e5 Qg6 24. exd6 Rae8 25. c5 Rxe1+ 26. Nxe1 Re8 27. Bc2 Qf6 28. Nf3 Nb8 29. Ne4 Qb2 30. a4 g4 31. Rb1 Qa2 32. Bd3 Qd5 33. Re1 gxf3 34. gxf3 f5 35. Rc1 Kf8 36. Nc3 Qxf3 37. Be2 Bxc3 38. Rxc3 Qxe2 39. Qxh6+ Kf7 40. Qh7+ Kf6 41. Qh6+ Kf7 1/2-1/2

[Event "GER-ch Seniors 65 32nd"]
[Site "Magdeburg"]
[Date "2020.08.18"]
[Round "5"]
[White "Krueger, Erich"]
[Black "Kierzek, Mira"]
[Result "1/2-1/2"]
[WhiteElo "2102"]
[BlackElo "2001"]
[PlyCount "64"]
[EventDate "2020.08.14"]
[EventType "swiss"]
[EventRounds "9"]
[EventCountry "GER"]
[SourceTitle "EXT 2021"]
[Source "ChessBase"]
[SourceDate "2020.10.23"]
[SourceVersion "1"]
[SourceVersionDate "2020.10.23"]
[SourceQuality "1"]

1. d4 d5 2. c4 c6 3. Nf3 Nf6 4. e3 Bf5 5. Nc3 e6 6. Be2 Be7 7. 0-0 h6 8. Ne5 0-0 9. f4 Nbd7 10. g4 Bh7 11. g5 hxg5 12. fxg5 Ne4 13. g6 fxg6 14. Nxe4 Nxe5 15. dxe5 dxe4 16. Bg4 Qc8 17. Bd2 g5 18. Rxf8+ Bxf8 19. Bc3 Bf5 20. Bxf5 exf5 21. Qh5 Qe6 22. Qxg5 Be7 23. Qh5 g6 24. Qh6 Bf8 25. Qg5 Be7 26. Qh6 Rd8 27. Kh1 Bf8 28. Qg5 Be7 29. Qh6 Bf8 30. Qh3 Rd7 31. Rg1 Rh7 32. Qg3 Kg7 1/2-1/2

[Event "MVP-ch Seniors op 19th"]
[Site "Ostseebad Binz"]
[Date "2019.12.03"]
[Round "7"]
[White "Pawlick, Helmut"]
[Black "Krueger, Erich"]
[Result "1/2-1/2"]
[WhiteElo "1993"]
[BlackElo "2123"]
[PlyCount "141"]
[EventDate "2019.11.27"]
[EventType "swiss"]
[EventRounds "9"]
[EventCountry "GER"]
[SourceTitle "EXT 2021"]
[Source "ChessBase"]
[SourceDate "2020.10.23"]
[SourceVersion "1"]
[SourceVersionDate "2020.10.23"]
[SourceQuality "1"]

1. e4 c6 2. d4 d5 3. e5 Bf5 4. Ne2 e6 5. Ng3 Bg6 6. h4 h6 7. h5 Bh7 8. Bd3 Bxd3 9. cxd3 c5 10. dxc5 Bxc5 11. d4 Bb4+ 12. Nc3 Ne7 13. a3 Bxc3+ 14. bxc3 Qa5 15. Bd2 Qa6 16. Qg4 Rg8 17. Qe2 Qxe2+ 18. Kxe2 Nbc6 19. a4 Na5 20. Rab1 b6 21. Nf1 Nc4 22. Bc1 Rc8 23. Nd2 Nxd2 24. Bxd2 Nc6 25. Rh3 Na5 26. Rg3 Ke7 27. Rd3 Nc4 28. Bc1 f6 29. exf6+ gxf6 30. g3 Kf7 31. Rd1 Kg7 32. Rh1 e5 33. Rh4 Kh7 34. Rb5 Rcd8 35. dxe5 fxe5 36. Rh1 a6 37. Rb4 Rd6 38. Rd1 Rgd8 39. Kd3 Rf8 40. Ke2 Rff6 41. f3 Kg7 42. g4 Rfe6 43. Rg1 e4 44. f4 e3 45. Rg3 Re4 46. Rf3 Rf6 47. Rxc4 Rxc4 48. Bxe3 Re6 49. Kd3 Rxa4 50. Bd4+ Kg8 51. g5 Ra1 52. Be5 Rd1+ 53. Kc2 Rh1 54. gxh6 Rxh5 55. Rg3+ Kh7 56. Bg7 Rg6 57. Re3 Rc6 58. Re7 Kg6 59. Rd7 a5 60. Kb1 b5 61. Bf8 Rh3 62. Rxd5 Rhxc3 63. Kb2 Rc2+ 64. Kb1 Rc1+ 65. Kb2 R6c2+ 66. Kb3 a4+ 67. Kb4 Rc4+ 68. Kxb5 Rxf4 69. Rd6+ Kh7 70. Bg7 Rb1+ 71. Ka5 1/2-1/2

[Event "MVP-ch Seniors op 19th"]
[Site "Ostseebad Binz"]
[Date "2019.12.02"]
[Round "6"]
[White "Krueger, Erich"]
[Black "Meyer, Irmin"]
[Result "1/2-1/2"]
[WhiteElo "2123"]
[BlackElo "1970"]
[PlyCount "82"]
[EventDate "2019.11.27"]
[EventType "swiss"]
[EventRounds "9"]
[EventCountry "GER"]
[SourceTitle "EXT 2021"]
[Source "ChessBase"]
[SourceDate "2020.10.23"]
[SourceVersion "1"]
[SourceVersionDate "2020.10.23"]
[SourceQuality "1"]

1. d4 Nf6 2. c4 e6 3. Nc3 Bb4 4. e3 b6 5. Nge2 c5 6. a3 Ba5 7. Rb1 Na6 8. Bd2 Bb7 9. b4 cxb4 10. Nb5 Qe7 11. axb4 Nxb4 12. Qb3 Nc6 13. Nc7+ Kd8 14. Nxa8 Bxd2+ 15. Kxd2 Na5 16. Qb4 Ne4+ 17. Ke1 Bxa8 18. Ng3 Qxb4+ 19. Rxb4 Nd6 20. c5 Nc6 21. Rb1 bxc5 22. dxc5 Nb7 23. Ne4 Kc7 24. Ba6 Nca5 25. Ke2 f5 26. Bxb7 Nxb7 27. Nd2 Nxc5 28. Rhc1 Kd6 29. Ra1 Rb8 30. Nc4+ Ke7 31. Rxa7 Bd5 32. Nd2 Ne4 33. f3 Nd6 34. Rcc7 Rd8 35. Ra4 Bc6 36. Rh4 Nb5 37. Rxc6 dxc6 38. Rxh7 Nc3+ 39. Ke1 Kf6 40. Rh4 Nd5 41. Ke2 Nc3+ 1/2-1/2

[Event "MVP-ch Seniors op 19th"]
[Site "Ostseebad Binz"]
[Date "2019.12.01"]
[Round "5"]
[White "Lehmann, Erwin"]
[Black "Krueger, Erich"]
[Result "1/2-1/2"]
[WhiteElo "1989"]
[BlackElo "2123"]
[PlyCount "78"]
[EventDate "2019.11.27"]
[EventType "swiss"]
[EventRounds "9"]
[EventCountry "GER"]
[SourceTitle "EXT 2021"]
[Source "ChessBase"]
[SourceDate "2020.10.23"]
[SourceVersion "1"]
[SourceVersionDate "2020.10.23"]
[SourceQuality "1"]

1. c4 Nf6 2. g3 g6 3. b3 Bg7 4. Bb2 d6 5. Bg2 e5 6. e4 0-0 7. Ne2 Bg4 8. h3 Be6 9. 0-0 Qd7 10. Kh2 Nc6 11. d3 Kh8 12. Nbc3 Nh5 13. Nd5 f5 14. f4 Nf6 15. Qd2 Rae8 16. Nxf6 Bxf6 17. d4 exd4 18. Nxd4 fxe4 19. Nxe6 Qxe6 20. Rae1 Bxb2 21. Qxb2+ Qf6 22. Qxf6+ Rxf6 23. Rxe4 Rxe4 24. Bxe4 Re6 25. Bf3 Nd4 26. Kg2 b6 27. Kf2 Kg7 28. Rd1 c5 29. Bg4 Re7 30. Rd3 Kf6 31. Re3 Nc2 32. Rxe7 Kxe7 33. Bd1 Nb4 34. a3 Nc6 35. Ke3 Kf6 36. Ke4 Ne7 37. g4 g5 38. f5 a5 39. a4 h6 1/2-1/2

[Event "RLP Seniors op 17th"]
[Site "Neustadt an der Weinstrasse"]
[Date "2019.07.28"]
[Round "9"]
[White "Krueger, Erich"]
[Black "Syre, Christian"]
[Result "1/2-1/2"]
[WhiteElo "2129"]
[BlackElo "2204"]
[PlyCount "120"]
[EventDate "2019.07.20"]
[EventType "swiss"]
[EventRounds "9"]
[EventCountry "GER"]
[SourceTitle "CBM 192 Extra"]
[Source "Chessbase"]
[SourceDate "2019.11.06"]
[SourceVersion "1"]
[SourceVersionDate "2019.11.06"]
[SourceQuality "1"]

1. d4 Nf6 2. c4 c5 3. d5 e5 4. Nc3 d6 5. e4 Be7 6. Nf3 0-0 7. Be2 Nbd7 8. 0-0 Ne8 9. Be3 g6 10. Bh6 Ng7 11. Qd2 Nf6 12. Ne1 Kh8 13. Nd3 Ng8 14. Be3 b6 15. f4 Bf6 16. fxe5 dxe5 17. b4 cxb4 18. Nxb4 Bd7 19. c5 bxc5 20. Bxc5 Be7 21. Bxe7 Nxe7 22. Qe3 Qa5 23. a3 Rac8 24. Rf6 Qc5 25. Qxc5 Rxc5 26. Rd6 Be8 27. Nd1 a5 28. Nd3 Rc2 29. Bf3 f6 30. Rd8 Kg8 31. Rc1 Ba4 32. Rxf8+ Kxf8 33. Ne3 Rxc1+ 34. Nxc1 Nc8 35. Nc4 Ke7 36. Nxa5 Nd6 37. Nd3 Bc2 38. Nc5 Nb5 39. Nab7 Ne8 40. a4 Na7 41. a5 Nd6 42. a6 f5 43. Na5 Nac8 44. Nc4 Nb5 45. Nxe5 Kd6 46. Ned3 Bxd3 47. Nxd3 fxe4 48. Bxe4 Nc7 49. Nb4 Kc5 50. Nc6 Nxa6 51. Nd8 Kd6 52. Nf7+ Ke7 53. Ng5 Nc5 54. Bc2 h6 55. Ne4 Nxe4 56. Bxe4 Kf6 57. Kf2 Ke5 58. Bxg6 Kxd5 59. Kf3 Ke5 60. Kg4 Kf6 1/2-1/2

[Event "RLP Seniors op 17th"]
[Site "Neustadt an der Weinstrasse"]
[Date "2019.07.21"]
[Round "2"]
[White "Cleve Prinz, Wolfgang"]
[Black "Krueger, Erich"]
[Result "1/2-1/2"]
[WhiteElo "1957"]
[BlackElo "2129"]
[PlyCount "82"]
[EventDate "2019.07.20"]
[EventType "swiss"]
[EventRounds "9"]
[EventCountry "GER"]
[SourceTitle "CBM 192 Extra"]
[Source "Chessbase"]
[SourceDate "2019.11.06"]
[SourceVersion "1"]
[SourceVersionDate "2019.11.06"]
[SourceQuality "1"]

1. Nf3 Nf6 2. g3 g6 3. Bg2 Bg7 4. 0-0 0-0 5. d4 d6 6. a4 Nc6 7. Nbd2 e5 8. dxe5 dxe5 9. e4 Bg4 10. h3 Be6 11. Ng5 Bc8 12. Ngf3 b6 13. Qe2 a5 14. Nc4 Ba6 15. b3 Nd4 16. Nxd4 Qxd4 17. Ba3 Rfd8 18. Be7 Re8 19. Bxf6 Bxf6 20. Rfd1 Bxc4 21. Qxc4 Qxc4 22. bxc4 Be7 23. Bf1 Bc5 24. Rab1 f5 25. exf5 gxf5 26. Bg2 Rad8 27. Bc6 Rf8 28. Rd7 Rxd7 29. Bxd7 Kg7 30. Re1 Kf6 31. g4 f4 32. Bf5 h5 33. Kg2 Rd8 34. Bd3 hxg4 35. hxg4 Bb4 36. Rh1 Rg8 37. Kf3 Rg7 38. Rh6+ Ke7 39. Bf5 Kf7 40. Be6+ Ke7 41. Bf5 Kf7 1/2-1/2

[Event "GER-ch Seniors 65 31st"]
[Site "Radebeul"]
[Date "2019.05.04"]
[Round "9"]
[White "Sand, Rolf"]
[Black "Krueger, Erich"]
[Result "0-1"]
[WhiteElo "2024"]
[BlackElo "2113"]
[PlyCount "56"]
[EventDate "2019.04.26"]
[EventType "swiss"]
[EventRounds "9"]
[EventCountry "GER"]
[SourceTitle "CBM 190 Extra"]
[Source "ChessBase"]
[SourceDate "2019.07.15"]
[SourceVersion "1"]
[SourceVersionDate "2019.07.15"]
[SourceQuality "1"]

1. d4 Nf6 2. c4 g6 3. g3 Bg7 4. Bg2 0-0 5. Nc3 d6 6. Nf3 c6 7. 0-0 Qa5 8. e4 Bg4 9. h3 Bxf3 10. Bxf3 Nbd7 11. Kh1 Qb4 12. Be2 e5 13. a3 Qb6 14. Be3 Qc7 15. d5 Ne8 16. Qd2 f5 17. f3 c5 18. b4 f4 19. Bf2 fxg3 20. Bxg3 Qd8 21. f4 Bh6 22. Bg4 Nef6 23. Bxd7 Nxd7 24. Ne2 Qe7 25. Qc2 Rac8 26. fxe5 Nxe5 27. Rxf8+ Rxf8 28. Rf1 Be3 0-1

[Event "GER-ch Seniors 65 31st"]
[Site "Radebeul"]
[Date "2019.04.28"]
[Round "3"]
[White "Krueger, Erich"]
[Black "Fleischer, Martin"]
[Result "1-0"]
[WhiteElo "2113"]
[BlackElo "1881"]
[PlyCount "116"]
[EventDate "2019.04.26"]
[EventType "swiss"]
[EventRounds "9"]
[EventCountry "GER"]
[SourceTitle "CBM 190 Extra"]
[Source "ChessBase"]
[SourceDate "2019.07.15"]
[SourceVersion "1"]
[SourceVersionDate "2019.07.15"]
[SourceQuality "1"]

1. d4 e6 2. c4 d5 3. Nc3 Nf6 4. cxd5 exd5 5. Bg5 Be7 6. e3 c6 7. Qc2 Nbd7 8. Bd3 h6 9. Bh4 0-0 10. Nf3 Re8 11. 0-0 Bd6 12. Rab1 b5 13. e4 g5 14. e5 gxh4 15. exd6 Nh5 16. Rbe1 Rxe1 17. Rxe1 Nf8 18. Qd2 Qf6 19. Re8 Qxd6 20. Nxh4 Ng7 21. Re1 Qf6 22. Nf3 Bf5 23. Ne5 Bxd3 24. Qxd3 Re8 25. Re3 Ng6 26. Ng4 Qg5 27. h3 h5 28. Rxe8+ Nxe8 29. Qe3 Qxe3 30. Nxe3 Nd6 31. g3 f5 32. Kg2 Kf7 33. b3 Ke6 34. Kf3 Nc4 35. Ne2 Nd2+ 36. Kg2 a5 37. Nc2 Kd6 38. Ne3 Ne7 39. Nf4 c5 40. dxc5+ Kxc5 41. Nxh5 d4 42. Nc2 Nb1 43. Nf4 Nc3 44. a3 Nc6 45. h4 Kd6 46. h5 Ne4 47. f3 Ng5 48. Nd3 Kd5 49. f4 Ne4 50. h6 Nf6 51. Kf3 Ne7 52. Ne5 Neg8 53. Nf7 Nh7 54. Ng5 Ngf6 55. Ke2 a4 56. bxa4 bxa4 57. Kd3 Nf8 58. Nxd4 Nh5 1-0

[Event "GER-ch Seniors 65 31st"]
[Site "Radebeul"]
[Date "2019.04.26"]
[Round "1"]
[White "Krueger, Erich"]
[Black "Siewert, Wolfgang"]
[Result "1-0"]
[WhiteElo "2113"]
[BlackElo "1807"]
[PlyCount "109"]
[EventDate "2019.04.26"]
[EventType "swiss"]
[EventRounds "9"]
[EventCountry "GER"]
[SourceTitle "CBM 190 Extra"]
[Source "ChessBase"]
[SourceDate "2019.07.15"]
[SourceVersion "1"]
[SourceVersionDate "2019.07.15"]
[SourceQuality "1"]

1. d4 e6 2. c4 Nf6 3. Nc3 Bb4 4. Nf3 c5 5. g3 cxd4 6. Nxd4 Ne4 7. Qc2 Nxc3 8. bxc3 Be7 9. Bg2 Nc6 10. 0-0 0-0 11. Qa4 Nxd4 12. cxd4 d6 13. Rb1 Bd7 14. Qc2 Rb8 15. Rxb7 Rxb7 16. Bxb7 Qb6 17. Bg2 Qxd4 18. Be3 Qe5 19. Bxa7 Qa5 20. Bd4 Rc8 21. Be4 f5 22. Bd3 Ra8 23. e4 Qxa2 24. Ra1 Qxa1+ 25. Bxa1 Rxa1+ 26. Kg2 Bc6 27. Kh3 fxe4 28. Bxe4 Bxe4 29. Qxe4 Kf7 30. Qxh7 Ra5 31. f4 Rc5 32. Qd3 Rh5+ 33. Kg2 Ra5 34. h4 g6 35. Kh3 Rf5 36. Qd4 Rc5 37. g4 d5 38. cxd5 Rxd5 39. Qh8 Bf6 40. Qh7+ Bg7 41. h5 gxh5 42. gxh5 Rd1 43. Qg6+ Kf8 44. Qxe6 Rh1+ 45. Kg4 Rg1+ 46. Kf5 Rh1 47. Kg6 Rg1+ 48. Kh7 Ba1 49. h6 Rh1 50. f5 Rg1 51. f6 Bxf6 52. Qxf6+ Ke8 53. Qg6+ Rxg6 54. Kxg6 Kf8 55. h7 1-0

[Event "Ruhrgebiet Verbandsliga Gruppe 2 1819"]
[Site "Nordrheinwestfalen"]
[Date "2019.02.03"]
[Round "6.2"]
[White "Callenberg, Ralf"]
[Black "Krueger, Erich"]
[Result "0-1"]
[WhiteElo "1996"]
[BlackElo "2018"]
[PlyCount "82"]
[EventDate "2018.09.23"]
[EventType "team-tourn"]
[EventRounds "9"]
[EventCountry "GER"]
[SourceTitle "EXT 2022"]
[Source "ChessBase"]
[SourceDate "2021.10.06"]
[SourceVersion "1"]
[SourceVersionDate "2021.10.06"]
[SourceQuality "1"]
[WhiteTeam "Recklinghausen Sued"]
[BlackTeam "Essen Katernberg III"]
[WhiteTeamCountry "GER"]
[BlackTeamCountry "GER"]

1. c4 Nf6 2. g3 g6 3. Bg2 Bg7 4. Nc3 0-0 5. e4 d6 6. Nge2 c5 7. 0-0 Nc6 8. d3 a6 9. h3 Rb8 10. f4 Bd7 11. g4 b5 12. Ng3 bxc4 13. g5 Ne8 14. dxc4 Qc8 15. f5 Be5 16. Qd3 Nb4 17. Qf3 Nc7 18. Rb1 Nc2 19. Nce2 Nd4 20. Nxd4 Bxd4+ 21. Kh1 e5 22. f6 Bxh3 23. Nf5 Bxg2+ 24. Kxg2 gxf5 25. exf5 Qb7 26. Rh1 Qxf3+ 27. Kxf3 d5 28. Rh4 e4+ 29. Kg4 dxc4 30. Bf4 Rxb2 31. Rxb2 Bxb2 32. Bxc7 c3 33. Rh2 Re8 34. Re2 Bc1 35. Ba5 Bd2 36. Kh5 Re5 37. Bc7 Re8 38. Ba5 e3 39. Kh6 Re4 40. Kh5 Kf8 41. Bb6 Re5 0-1